000 00293nam a22001337a 4500
003 SGT
082 _aGUP, 540
100 _aGUPTA, ALKA
245 _aMODERN ANALYTICAL CHEMISTRY
260 _a MEERUT
_bPRAGATI PRAKASHAN
_c2015
300 _a244
650 _aCHEMISTRY
942 _2ddc
_cFPS
_010
999 _c10015
_d10015